L'Amfiteatre romà de Tarragona, la basílica visigòtica i l'església romànica /
Saved in:
| Corporate Author: | |
|---|---|
| Format: | Book |
| Language: | Catalan |
| Published: |
Tarragona :
Ajuntament de Tarragona : Ministerio de Trabajo y Seguridad Social, Instituto Nacional de Empleo : FSE : Diputació de Tarragona : Departament de Cultura de la Generalitat de Catalunya,
1990.
|
| Series: | Memòries d'excavació ;
3. |
| Subjects: | |
| Tags: |
Add Tag
No Tags, Be the first to tag this record!
|
| LEADER | 01431aam a2200349 a 4500 | ||
|---|---|---|---|
| 001 | 002504792-2 | ||
| 005 | 20050319131653.0 | ||
| 008 | 910311s1990 sp a b f00000 cat | ||
| 010 | |a 91127505 | ||
| 020 | |a 8460074307 | ||
| 035 | 0 | |a ocm23901488 | |
| 040 | |a DLC |c DLC | ||
| 041 | 0 | |a cat |b engfrespa | |
| 043 | |a e-sp--- | ||
| 050 | 0 | 0 | |a DP402.T3 |b A52 1990 |
| 082 | 0 | 0 | |a 936.6 |2 20 |
| 245 | 0 | 2 | |a L'Amfiteatre romà de Tarragona, la basílica visigòtica i l'església romànica / |c Taller Escola d'Arqueologia. |
| 260 | 0 | |a Tarragona : |b Ajuntament de Tarragona : |b Ministerio de Trabajo y Seguridad Social, Instituto Nacional de Empleo : |b FSE : |b Diputació de Tarragona : |b Departament de Cultura de la Generalitat de Catalunya, |c 1990. | |
| 300 | |a 469 p. : |b ill. ; |c 28 cm. + |e 1 portfolio | ||
| 490 | 1 | |a Memòries d'excavació ; |v 3 | |
| 500 | |a Summaries in English, French, and Spanish. | ||
| 500 | |a Portfolio contains 17 drawings of the excavated site on folded leaves. | ||
| 504 | |a Includes bibliographical references (p. [7]-[16]). | ||
| 650 | 0 | |a Amphitheaters |z Spain |z Tarragona. | |
| 650 | 0 | |a Romans |z Spain |z Tarragona. | |
| 650 | 0 | |a Church buildings |z Spain |z Tarragona. | |
| 650 | 0 | |a Excavations (Archaeology) |z Spain |z Tarragona. | |
| 651 | 0 | |a Tarragona (Spain) |x Antiquities. | |
| 710 | 2 | |a Taller Escola d'Arqueologia (Tarragona, Spain) | |
| 830 | 0 | |a Memòries d'excavació ; |v 3. | |
| 988 | |a 20020608 | ||
| 906 | |0 DLC | ||


